00335nam a2200109Ia 4500008004100000245009200041260004800133260000900181300000900190500001000199650001600209170224s9999 xx 000 0 und d aRetrieval enhances eyewitness suggestibility to misinformation in free and cued recall. bJournal of Experimental Psychology: Applied c2014 a20:1 aMarch xPsychology.